ELEMENTS OF INFORMATION THEORY (Record no. 216615)

MARC details
000 -LEADER
fixed length control field 00563nam a22001937a 4500
008 - FIXED-LENGTH DATA ELEMENTS--GENERAL INFORMATION
fixed length control field 260224b |||||||| |||| 00| 0 eng d
020 ## - INTERNATIONAL STANDARD BOOK NUMBER
International Standard Book Number 978-0-4712-4195-9
050 ## - LIBRARY OF CONGRESS CALL NUMBER
Classification number Q 360 .C68 2006
100 ## - MAIN ENTRY--PERSONAL NAME
Personal name COVER THOMAS M.
245 ## - TITLE STATEMENT
Title ELEMENTS OF INFORMATION THEORY
250 ## - EDITION STATEMENT
Edition statement 2ND EDITION
260 ## - PUBLICATION, DISTRIBUTION, ETC.
Place of publication, distribution, etc. HOBOKEN,NEW JERSEY
Name of publisher, distributor, etc. JOHN WILEY AND SONS,INC
Date of publication, distribution, etc. 2006
300 ## - PHYSICAL DESCRIPTION
Extent XXIII,748P
500 ## - GENERAL NOTE
General note INCLUDES BIBLIOGRAPHICAL REFERENCES AND INDEXES
650 ## - SUBJECT ADDED ENTRY
Topical term or geographic name entry element 1. INFORMATION THEORY
700 ## - ADDED ENTRY--PERSONAL NAME
Personal name THOMAS,JOY A.
942 ## - ADDED ENTRY ELEMENTS (KOHA)
Source of classification or shelving scheme Library of Congress Classification
Koha item type Long Loan Book
Holdings
Withdrawn status Lost status Source of classification or shelving scheme Damaged status Not for loan Collection Home library Current library Date acquired Inventory number Total checkouts Full call number Barcode Date last seen Copy number Price effective from Koha item type Shelving location
    Library of Congress Classification     Science & Technology Kisii University Library Kisii University Library 02/24/2026 111887   Q 360 .C68 2006 A001142 02/24/2026 1 02/24/2026 Long Loan Book  
    Library of Congress Classification     Science & Technology Kisii University Library Kisii University Library 02/24/2026 111888A001133   Q 360 .C68 2006 A001133 02/24/2026 2 02/24/2026 Long Loan Book On Display
    Library of Congress Classification     Science & Technology Kisii University Library Kisii University Library 02/24/2026 111889   Q 360 .C68 2006 A001135 02/24/2026 3 02/24/2026 Long Loan Book On Display